ARRUPE JESUIT UNIVERSITY

CORONAVIRUS -STOP THE SPREAD - CLEAN,DISINFECT,COVER

Myth of iron : (Record no. 3352)

MARC details
000 -LEADER
fixed length control field 01123cam a2200277 a 4500
001 - CONTROL NUMBER
control field 14375422
005 - DATE AND TIME OF LATEST TRANSACTION
control field 20170529105824.0
008 - FIXED-LENGTH DATA ELEMENTS--GENERAL INFORMATION
fixed length control field 060512s2006 sa ab b 001 0beng
010 ## - LIBRARY OF CONGRESS CONTROL NUMBER
LC control number 2006406067
020 ## - INTERNATIONAL STANDARD BOOK NUMBER
International Standard Book Number 1869140478
040 ## - CATALOGING SOURCE
Original cataloging agency DLC
Transcribing agency DLC
Modifying agency DLC
043 ## - GEOGRAPHIC AREA CODE
Geographic area code f-sa---
050 00 - LIBRARY OF CONGRESS CALL NUMBER
Classification number DT1768.Z95
Item number S89 2006
100 1# - MAIN ENTRY--PERSONAL NAME
Personal name Wylie, Dan.
9 (RLIN) 31312
245 10 - TITLE STATEMENT
Title Myth of iron :
Remainder of title Shaka in history /
Statement of responsibility, etc Dan Wylie.
260 ## - PUBLICATION, DISTRIBUTION, ETC. (IMPRINT)
Place of publication, distribution, etc Scottsville, South Africa :
Name of publisher, distributor, etc University of KwaZulu-Natal Press,
Date of publication, distribution, etc 2006.
300 ## - PHYSICAL DESCRIPTION
Extent xviii, 615 p. :
Other physical details ill., maps ;
Dimensions 25 cm.
504 ## - BIBLIOGRAPHY, ETC. NOTE
Bibliography, etc Includes bibliographical references (p. 587-595) and index.
600 00 - SUBJECT ADDED ENTRY--PERSONAL NAME
Personal name Shaka,
Titles and other words associated with a name King of the Zulu,
Dates associated with a name 1787?-1828.
9 (RLIN) 22154
650 #0 - SUBJECT ADDED ENTRY--TOPICAL TERM
Topical term or geographic name as entry element Zulu (African people)
General subdivision Kings and rulers
Form subdivision Biography.
9 (RLIN) 31311
650 #0 - SUBJECT ADDED ENTRY--TOPICAL TERM
Topical term or geographic name as entry element Zulu (African people)
General subdivision History.
9 (RLIN) 31313
651 #0 - SUBJECT ADDED ENTRY--GEOGRAPHIC NAME
Geographic name KwaZulu-Natal (South Africa)
General subdivision History
Chronological subdivision To 1843.
9 (RLIN) 31314
906 ## - LOCAL DATA ELEMENT F, LDF (RLIN)
a 7
b cbc
c orignew
d 3
e ncip
f 20
g y-gencatlg
942 ## - ADDED ENTRY ELEMENTS (KOHA)
Source of classification or shelving scheme Library of Congress Classification
Item type Monograph ( Printed materials)
Holdings
Withdrawn status Lost status Source of classification or shelving scheme Damaged status Not for loan Collection code Home library Current library Shelving location Date acquired Total Checkouts Full call number Barcode Date last seen Date last borrowed Copy number Price effective from Koha item type
    Library of Congress Classification     Main Collection ARRUPE LIBRARY ARRUPE LIBRARY   27/02/2013 2 DT1768.Z95S89 46404319 07/12/2017 06/09/2016 1 27/02/2013 Monograph ( Printed materials)

 

Arrupe Library. PO Box MP320 Mt Pleasant, Harare, Zimbabwe
263 242 745411|librarian@aju.ac.zw